| 000 | 00503nam a2200193Ia 4500 | ||
|---|---|---|---|
| 999 |
_c17447 _d17447 |
||
| 003 | GCL | ||
| 005 | 20240530100419.0 | ||
| 008 | 140319s9999 xx 000 0 eng d | ||
| 040 |
_aGCL / _cGCL |
||
| 082 | 0 | 4 |
_a700.2541 _bW A |
| 100 | 1 | _aWADDELL, HEALHER | |
| 245 | 1 | 0 |
_aThe Artists Directory / _cWADDELL, HEALHER |
| 260 |
_a[S.N] : _bART GUIDE PUBLICATIONS ، _c1986 |
||
| 300 | _a243 | ||
| 650 | 0 | 4 | _aDIRECTORIES |
| 650 | 0 | 4 | _aGREAT BRITAIN - ARTS |
| 700 | 1 | _aLAYZELL, RICHARD | |
| 942 |
_2ddc _cBK |
||